000 01516nam0a22003491 4500
001 GAK\3366644
005 20260407125326.0
021 _aRU
_b88-23973
035 _a(NLR Aleph) 010956776
090 _a10790899
_c10790899
100 _a20160122d1988 |||y0rusy50 ca
101 0 _arus
102 _aRU
105 _aa z |||||
200 1 _aТензорно поляризованная мишень в электрорасщеплении дейтрона
_fМ.П. Рекало, Г.И. Гах, А.П. Рекало
210 _aМосква
_cЦНИИатоминформ
_d1988
215 _a[1], 15 с.
_cграф.
_d20
225 1 _aПрепринт
_fХарьк. физ.-техн. ин-т АН УССР
_vХФТИ 88-8
320 _aБиблиогр.: с. 13-15
606 1 _aДейтроны
_xЯдерные реакции, вызываемые электронами
_91082775
_3RU\NLR\AUTH\66104592
606 1 _aМишени ядерные
_9915040
_3RU\NLR\AUTH\6615272
686 0 _aВ383.57
_2rubbk
700 1 _aРекало
_bМ. П.
_gМихаил Петрович
701 1 _aГах
_bГ. И.
_gГеннадий Иванович
701 1 _aРекало
_bА. П.
_gАлексей Петрович
712 0 2 _4650
_aФизико-технический институт
_cХарьков
_9434279
_3RU\NLR\AUTH\889968946
801 0 _aRU
_bNLR
_c20160122
_gpsbo
801 1 _aRU
_bNLR
_c20160122
_2rusmarc
801 2 _aRU
_bNLR
_c20160122
_2rusmarc
852 _aNLR
_j88-4/21395
942 _cBOOK
980 _aNB